00417nam a2200169Ia 450000500170000000800410001702000220005804100120008008200110009210000170010324500350012025000080015526000370016350000080020065000210020870000180022920240823031752.0240823s9999||||xx |||||||||||||| ||und|| a978-81-7758-279-6 aENGLISH A539 Q1 aBransden B H 0aPhysics of Atoms and Molecules a2nd c2011bPearson Education Internat aYES aPhysicsbPhysics a Joachain C J